| 000 | 03652njm0a2200577 4500 | ||
|---|---|---|---|
| 001 | RU\NLR\ONIZ\309013 | ||
| 005 | 20260308045857.0 | ||
| 035 | _a(NLR Aleph) 022747845 | ||
| 071 | 0 | 0 | _aX-60614 |
| 071 | 0 | 0 | _aХ-60615 |
| 071 | 0 | 0 | _aX 60614: |
| 071 | 0 | 0 | _aX 60615:R |
| 071 | 1 | 0 | _a3402l |
| 071 | 1 | 0 | _a2838r |
| 090 |
_a13560290 _c13560290 |
||
| 100 | _a20180917d1907 u y0rusy50 ca | ||
| 102 | _aRU | ||
| 126 |
_aadaxdxu ux _bxxx |
||
| 127 | _a000535 | ||
| 145 | 0 | _ab | |
| 200 | 1 |
_aВальс _bЗвукозапись _eиз бал. "Коппелия" _f[муз.] Делиба _gисполняет: Оркестр "Зонофон", [дирижер В. В. Волчек] |
|
| 203 |
_aмузыка _bисполнительская _cаудио |
||
| 210 |
_aS. l. _cZonophone record _d[1907] _gО-во Граммофонъ съ огр. отв. _eРига |
||
| 215 |
_a1 грп. (ок. 6 мин) : 78 об/мин, моно _d25 см, в конв. |
||
| 300 | _aЗапись 1905 г. (1), 1907 г. (2), Санкт-Петербург | ||
| 300 | _aИнж. звукозап. Ф. Хампе (1), М. Хампе (2) | ||
| 300 | _aИнж. звукозап., даты записи и исполн. установл. по кат. А. Келли | ||
| 423 | 0 |
_12001#$aВальс$e[из оп-ты] Веселая вдова$f[муз.] Легара$gисполняет: Оркестр "Зонофон", [дирижер Б. Зайдлер-Винклер] _1210##$cZonophone record$aS. l.$gО-во Граммофонъ съ огр. отв.$eРига$d[1907] _150000$aВесёлая вдова$iВальс$bЗвукозапись$lоперетта$rоркестр$7ca _1700#1$9z01790$aЛегар$bФ.$gФеренц (Франц)$f1870-1948$4230$7ca _1702#1$9z02790$aЗайдлер-Винклер$bБ.$gБруно$f1880-1960$4250 _1702#1$9z03790$aХампе$bТ. Г. М.$gТеодор Генрих Макс$cинженер звукозаписи$f1877-1957$4670$7ca _171202$a"Зонофон", оркестр$4590$7ca _1790#1$9z01700$aLehár$bF.$gFranz$f1870-1948$4230$7ba _1790#1$9z02702$aSeidler-Winkler$bB.$gBruno$cconductor$f1880-1960$4250$7ba _1790#1$9z03702$aHampe$bTh. H. M.$gTheodor Heinrich Max$f1877-1957$4670$7ba _tВальс _aЛегар, Ференц (Франц) (1870-1948) |
|
| 500 | 0 | 0 |
_aКоппелия _iВальс _bЗвукозапись _lбалет _rоркестр _7ca |
| 606 | 1 |
_aВальсы из балетов _yФранция _z19 в. _jЗвукозапись _2nlr_sh |
|
| 606 | 1 |
_aВальсы из оперетт _yВенгрия _z19-20 вв. _jЗвукозапись _2nlr_sh _7ca |
|
| 606 | 1 |
_aОркестры симфонические _yРоссия _z20 в. _jЗвукозапись _2nlr_sh _7ca |
|
| 686 | _aЩ951.1-072(4Фр) | ||
| 686 | 0 | _aЩ951.1-073(4Вн) | |
| 700 | 1 |
_9z01790 _aДелиб _bЛ. _f1836-1891 _gЛео _4230 |
|
| 702 | 1 |
_9z05790 _aВолчек _bВ. В. _cдирижёр _4250 _7ca |
|
| 702 | 1 |
_9z06790 _aХампе _bГ. Ф. _cинженер записи _f1879-1947 _gГеорг Франц _4670 _7ca |
|
| 702 | 1 |
_9z07790 _aКелли _bА. _f1928-2015 _gАлан _4365 _7ca |
|
| 712 | 0 | 2 |
_a"Зонофон", оркестр _4590 _7ca |
| 790 | 1 |
_9z01700 _aDelibes _bL. _f1836-1891 _gLeo _4230 _7ba |
|
| 790 | 1 |
_9z05702 _aVolček _bV. V. _cconductor _4250 _7ba |
|
| 790 | 1 |
_9z06702 _aHampe _bG. F. _crecording engineer _f1879-1947 _gGeorg Franz _4670 _7ba |
|
| 790 | 1 |
_9z07702 _aKelly _bA. _f1928-2015 _gAlan _4365 _7ca |
|
| 801 | 0 |
_aRU _bNLR _c20180917 _gPSBO |
|
| 801 | 1 |
_aRU _bNLR _c20180917 _2rusmarc |
|
| 801 | 2 |
_aRU _bNLR _c20260225 |
|
| 852 |
_aNLR _jМг 2к/9141 _m45476 _t1 |
||
| 942 | _cREC | ||
| 980 | _aONIZ | ||
| 980 | _aNB | ||